书目信息 |
| 题名: |
塔吉克语简志
|
|
| 作者: | 高尔锵 编著 | |
| 分册: | ||
| 出版信息: | 北京 民族出版社 1985 |
|
| 页数: | 151页 | |
| 开本: | 20cm | |
| 丛书名: | 国家民委民族问题5种丛书书 | |
| 单 册: | ||
| 中图分类: | H241 | |
| 科图分类: | ||
| 主题词: | 少数民族--民族语--中国 | |
| 电子资源: | ||
| ISBN: | ||
| 000 | 00737nam2 2200265 45 | |
| 001 | 0185013354 | |
| 005 | 20040424182348.5 | |
| 010 | @dCNY0.91 | |
| 091 | @a9049.43 | |
| 100 | @a19951023d1985 em y0chiy0121 ea | |
| 101 | 0 | @achi |
| 102 | @aCN@b110000 | |
| 105 | @ay z 000yy | |
| 106 | @ar | |
| 200 | 10 | @a塔吉克语简志@Ata zhi ke yu jian zhi@f高尔锵编著 |
| 210 | @a北京@c民族出版社@d1985 | |
| 215 | @a151页@d20cm | |
| 225 | 2 | @a国家民委民族问题5种丛书书@i中国少数民族语言简志丛书 |
| 410 | 0 | @120010@a国家民委民族问题5种丛书 |
| 606 | 0 | @a少数民族@x民族语@x中国 |
| 690 | @aH241 | |
| 701 | 0 | @a高尔锵@4编著@Agao er qiang |
| 801 | 0 | @aCN@b深圳图书馆@c20040424 |
| 801 | 2 | @aCN@bNLC@c20040424 |
| 905 | @f4@b146365-368@dH241@e5 | |
| 塔吉克语简志/高尔锵编著.-北京:民族出版社,1985 |
| 151页;20cm.-(国家民委民族问题5种丛书书.中国少数民族语言简志丛书) |
| ISBN :CNY0.91 |
| ● |
| 相关链接 |
|
|
|
|
正题名:塔吉克语简志
索取号:H241/5
 
预约/预借
| 序号 | 登录号 | 条形码 | 馆藏地/架位号 | 状态 | 备注 |
| 1 | 0146365 | 000842743 | 第四借阅区/ [索取号:H241/5] | 在馆 | |
| 2 | 0146366 | 000842690 | 第四借阅区/ [索取号:H241/5] | 在馆 | |
| 3 | 0146367 | 000842734 | 第四借阅区/ [索取号:H241/5] | 在馆 | |
| 4 | 0146368 | 000842707 | 第四借阅区/ [索取号:H241/5] | 在馆 | |
| 5 | 0146369 | 000842752 | 第二样本阅览室/ [索取号:H241/5] | 在馆 |